书目信息 |
| 题名: |
道德崩溃与现代性危机
|
|
| 作者: | 刘文瑾 著 | |
| 分册: | ||
| 出版信息: | 上海 上海三联书店 2021.03 |
|
| 页数: | 247页 | |
| 开本: | 23cm | |
| 丛书名: | 思想与社会研究系列 | |
| 单 册: | ||
| 中图分类: | B82-095 , B089 | |
| 科图分类: | ||
| 主题词: | 道德--dao de--研究--西方国家 , 现代主义--xian dai zhu yi--研究--西方国家 | |
| 电子资源: | ||
| ISBN: | 978-7-5426-6815-8 | |
| 000 | 01287nam 2200301 450 | |
| 001 | CAL 0120217221128 | |
| 005 | 20210729093940.6 | |
| 010 | @a978-7-5426-6815-8@dCNY52.00 | |
| 100 | @a20210728d2021 em y0chiy0120 ea | |
| 101 | 0 | @achi |
| 102 | @aCN@b310000 | |
| 105 | @ay a 000yy | |
| 106 | @ar | |
| 200 | 1 | @a道德崩溃与现代性危机@Adao de beng kui yu xian dai xing wei ji@e三位“后奥斯维辛”思想家的遗产@f刘文瑾著 |
| 210 | @a上海@c上海三联书店@d2021.03 | |
| 215 | @a247页@d23cm | |
| 225 | 2 | @a思想与社会研究系列@Asi xiang yu she hui yan jiu xi lie |
| 320 | @a有书目 (第234-245页) | |
| 330 | @a本书通过对列维纳、阿伦特、帕托什卡的思想的研究, 对西方现代性作深刻的批判, 由此试图表明现代性危机在很大程度上缘于现代个性与社会道德的崩溃, 现代理性对生活意义的殖民是导致虚无主义和道德崩溃的直接原因, 唯有基于道德责任感来反思现代自我, 才可能克服虚无主义造成的现代性危机。 | |
| 410 | 0 | @12001 @a思想与社会研究系列 |
| 517 | 1 | @a三位“后奥斯维辛”思想家的遗产@Asan wei “ hou ao si wei xin ”si xiang jia de yi chan |
| 606 | 0 | @a道德@Adao de@x研究@x西方国家 |
| 606 | 0 | @a现代主义@Axian dai zhu yi@x研究@x西方国家 |
| 690 | @aB82-095@v5 | |
| 690 | @aB089@v5 | |
| 701 | 0 | @a刘文瑾@Aliu wen jin@4著 |
| 801 | 0 | @aCN@b人天书店@c20210728 |
| 905 | @aTSG@b0000674@dB82-095@eL682@f2 | |
| 道德崩溃与现代性危机:三位“后奥斯维辛”思想家的遗产/刘文瑾著.-上海:上海三联书店,2021.03 |
| 247页;23cm.-(思想与社会研究系列) |
| ISBN 978-7-5426-6815-8:CNY52.00 |
| 本书通过对列维纳、阿伦特、帕托什卡的思想的研究, 对西方现代性作深刻的批判, 由此试图表明现代性危机在很大程度上缘于现代个性与社会道德的崩溃, 现代理性对生活意义的殖民是导致虚无主义和道德崩溃的直接原因, 唯有基于道德责任感来反思现代自我, 才可能克服虚无主义造成的现代性危机。 |
| ● |
| 相关链接 |
|
|
|
正题名:道德崩溃与现代性危机
索取号:B82-095/L682
 
预约/预借
| 序号 | 登录号 | 条形码 | 馆藏地/架位号 | 状态 | 备注 |
| 1 | 1536447 | 215364479 | 社科库509/509社科库 21排3列1层/ [索取号:B82-095/L682] | 在馆 | |
| 2 | 1536448 | 215364488 | 社科库509/509社科库 21排3列1层/ [索取号:B82-095/L682] | 在馆 |